000 00350pab a2200157 454500
008 180718b1996 xxu||||| |||| 00| 0 eng d
100 _aSen, Aditya
245 _aUpturn in export of foodgrains
260 _c1996
300 _ap.21-23
362 _aOct
650 _aAgriculture
650 _aFood security
773 _aYojana
909 _a32382
999 _c32382
_d32382